Länder, die Ägypten am Nächsten Liegen - Eine Minute Sprint - Statistiken

Allgemein
  • Dieses Quiz wurde 125 mal gespielt
  • Das Durchschnittsergebnis liegt bei 11 aus 20
Antwortstatistiken
Km Land % Korrekt
0 Libyen
99%
0 Sudan
94%
0 Israel
93%
15 Saudi-Arabien
85%
7 Jordanien
83%
214 Libanon
73%
504 Türkei
64%
352 Zypern
64%
835 Jemen
63%
202 Syrien
60%
478 Eritrea
51%
293 Tschad
49%
469 Irak
47%
364 Griechenland
43%
799 Äthiopien
39%
1071 Italien
34%
0 Palästina
29%
952 Niger
21%
993 Albanien
16%
1065 Bulgarien
13%
Keine übereinstimmenden Quizze gefunden
Verteilung der Resultate
Anzahl Personen mit jedem Resultat
Perzentil nach korrekt beantworteten Fragen
Ihre Resultats-Entwicklung
Sie haben dieses Quiz noch nicht gespielt